| 000 | 00773cam a2200229 a 4500 | ||
|---|---|---|---|
| 008 | |||
| 020 | _a0790610442 (pbk.) | ||
| 049 | _aMAIN | ||
| 090 | _aTK9965 | ||
| 100 | 1 | _aSmith, Henry C. | |
| 245 | 1 | 0 |
_aElectronic control projects for the hobbyist and technician / _cby Henry C. Smith and Craig B. Foster. |
| 260 |
_aIndianapolis : _bPROMPT Publications, _cc1993. |
||
| 300 |
_a158 p. : _bill. ; _c23 cm. |
||
| 650 | 0 |
_aElectronic control _xAmateurs' manuals. |
|
| 650 | 0 |
_aElectronic apparatus and appliances _xDesign and construction _xAmateurs' manuals. |
|
| 700 | 1 | _aFoster, Craig B. | |
| 907 |
_a.b10169969 _b08-11-05 _c29-07-05 |
||
| 003 | |||
| 005 | 20230123134042.0 | ||
| 040 | _cNUST | ||
| 942 |
_cBOOKS _kTK9965 |
||
| 999 |
_c159198 _d159198 |
||